[Event "Druga liga Srbije grupa Vojvodina 2011"]
[Site "Vrbas"]
[Date "2011.09.27"]
[Round "4.1"]
[White "Pletl, Akos"]
[Black "Stanojevic, Branko"]
[Result "0-1"]
[WhiteElo "2251"]
[BlackElo "2282"]
[PlyCount "86"]
[EventDate "2011.09.25"]

1. d4 Nf6 2. c4 c5 3. d5 b5 4. cxb5 a6 5. bxa6 g6 6. g3 d6 7. Nc3 Bg7 8. Bg2
Bxa6 9. Nf3 Nbd7 10. O-O Nb6 11. Re1 O-O 12. e4 Nfd7 13. Qc2 Nc4 14. Rd1 Qa5
15. Bd2 Rfb8 16. Rab1 Rb7 17. Bf1 Nde5 18. Nxe5 Nxe5 19. Kg2 Bxf1+ 20. Rxf1 Nc4
21. Be1 Rab8 22. Qe2 Nxb2 23. Rc1 Na4 24. Nxa4 Qxa4 25. Bc3 Bxc3 26. Rxc3 Rb2
27. Qe3 R8b4 28. Ra3 Rxe4 29. Rxa4 Rxe3 30. Rb1 Rxg3+ 31. hxg3 Rxb1 32. Kf3 Kg7
33. Rf4 Kf8 34. Ra4 Rd1 35. Ra8+ Kg7 36. a4 Rxd5 37. a5 Rd3+ 38. Ke4 Rd4+ 39.
Ke3 Ra4 40. a6 d5 41. Kd3 h5 42. a7 Ra3+ 43. Kd2 e6 0-1

[Event "Druga liga Srbije grupa Vojvodina 2011"]
[Site "Vrbas"]
[Date "2011.09.27"]
[Round "4.1"]
[White "Lovre, Rajko"]
[Black "Skoko, Milan"]
[Result "1-0"]
[WhiteElo "2221"]
[BlackElo "2218"]
[PlyCount "137"]
[EventDate "2011.09.25"]

1. Nf3 f5 2. d4 Nf6 3. g3 g6 4. Bg2 Bg7 5. O-O O-O 6. c3 d5 7. Bf4 c6 8. Be5
Nbd7 9. Nbd2 Nxe5 10. Nxe5 Nd7 11. Nxd7 Qxd7 12. f4 a5 13. Nf3 Qd6 14. e3 b6
15. Re1 Bd7 16. Qd2 Rac8 17. Rad1 e6 18. Bf1 h6 19. Kg2 Bf6 20. Bd3 g5 21. Qe2
Be8 22. Nd2 Rf7 23. Rf1 Rg7 24. Rc1 Rcc7 25. Qf2 c5 26. Rce1 h5 27. Kh1 Rh7 28.
Rg1 Rcg7 29. h4 gxh4 30. gxh4 Kf8 31. Nf3 Rb7 32. Ng5 Rhg7 33. Rc1 Rg8 34. Qe2
Rc7 35. Rg2 Ke7 36. Rcg1 Rg7 37. Bb5 Qd8 38. Bxe8 Qxe8 39. Qa6 Qc6 40. Qe2 Qe8
41. Qa6 Qc6 42. Qe2 Qe8 43. Qa6 Qc6 44. Qe2 Qe8 45. dxc5 bxc5 46. Qa6 Qc6 47.
Qxa5 Rg8 48. Qa3 Ra8 49. Qb3 Rb7 50. Qd1 Bxg5 51. hxg5 h4 52. Kh2 Rxa2 53. g6
Rbxb2 54. Rxb2 Rxb2+ 55. Kh3 Rb8 56. g7 Rg8 57. Qh5 Qe8 58. Qg5+ Kd6 59. Kxh4
Qf7 60. Qg6 Ke7 61. Qg5+ Kd6 62. Qh6 d4 63. exd4 cxd4 64. cxd4 Ke7 65. Rg2 Qf6+
66. Kh5 Qxd4 67. Qg5+ Kf7 68. Kh6 Qf6+ 69. Kh7 1-0

[Event "Druga liga Srbije grupa Vojvodina 2011"]
[Site "Vrbas"]
[Date "2011.09.27"]
[Round "4.1"]
[White "Kovacevic, Djordje"]
[Black "Medar, Zeljko"]
[Result "1/2-1/2"]
[WhiteElo "2087"]
[BlackElo "2219"]
[PlyCount "142"]
[EventDate "2011.09.25"]

1. d4 Nf6 2. Nf3 d6 3. g3 c6 4. Bg2 h6 5. O-O Bf5 6. Nbd2 Nbd7 7. Re1 e5 8. e4
Bh7 9. c3 Qc7 10. Qb3 Be7 11. Nh4 O-O 12. Nc4 Rfe8 13. a4 exd4 14. cxd4 d5 15.
exd5 Nxd5 16. Nf3 Bf6 17. Bd2 Rad8 18. Rac1 Qb8 19. Ne3 Be4 20. Bc3 Nxe3 21.
Rxe3 Bd5 22. Rxe8+ Rxe8 23. Qc2 Qd6 24. Rd1 a6 25. a5 Re6 26. Qd2 Be4 27. Ne1
Bg5 28. f4 Bxg2 29. Nxg2 Bf6 30. Ne3 Re4 31. Nc4 Qd5 32. Ne5 Nf8 33. Ng4 Be7
34. Nf2 Re6 35. Re1 Rxe1+ 36. Qxe1 Bf6 37. Qe4 Ne6 38. Qxd5 cxd5 39. Nd3 Nxd4
40. Kf2 Nb3 41. Bxf6 gxf6 42. Nb4 d4 43. Ke2 Kf8 44. Kd3 Ke7 45. Kc4 Nxa5+ 46.
Kxd4 Nb3+ 47. Kc3 Nc5 48. Kd4 Kd6 49. f5 b6 50. Nd5 Nb3+ 51. Ke4 Nd2+ 52. Kd4
Nf3+ 53. Ke4 Nxh2 54. Nxb6 Nf1 55. g4 Nd2+ 56. Ke3 Nb3 57. Ke4 Nc5+ 58. Kd4 Kc6
59. Nd5 Nd7 60. b4 Kb5 61. Kc3 Ka4 62. Kd4 Kb5 63. Kc3 Ka4 64. Kd4 Kb5 65. Kc3
a5 66. bxa5 Kxa5 67. Kd3 Kb5 68. Ke4 Kc5 69. Ne7 Ne5 70. Kf4 Kd6 71. Ng8 Nd7
1/2-1/2

[Event "Druga liga Srbije grupa Vojvodina 2011"]
[Site "Vrbas"]
[Date "2011.09.27"]
[Round "4.2"]
[White "Sertic, Rudolf"]
[Black "Roganovic, Milos"]
[Result "0-1"]
[WhiteElo "2430"]
[BlackElo "2480"]
[PlyCount "106"]
[EventDate "2011.09.25"]

1. d4 Nf6 2. c4 g6 3. g3 Bg7 4. Bg2 d5 5. cxd5 Nxd5 6. Nf3 Nb6 7. Nc3 Nc6 8. e3
O-O 9. O-O Re8 10. Nd2 e5 11. d5 Nb4 12. Qb3 a5 13. a3 Na6 14. Nc4 Nc5 15. Qb5
Nbd7 16. Nxa5 e4 17. Nb3 c6 18. Qc4 b5 19. Qb4 Nd3 20. Qd6 c5 21. Qc6 Rb8 22.
d6 f5 23. f4 b4 24. Na4 Bb7 25. Qc7 Qxc7 26. dxc7 Rbc8 27. Na5 Ba6 28. Rd1 Rxc7
29. Bf1 Bb5 30. axb4 cxb4 31. Bxd3 exd3 32. Bd2 Rc2 33. Bxb4 Rxe3 34. Nc3 Bd4
35. Kh1 Ba6 36. Re1 Rxe1+ 37. Rxe1 Nf6 38. h3 d2 39. Rd1 Ne4 40. Nxe4 Rc1 41.
Nxd2 Rxd1+ 42. Kg2 Bxb2 43. Nf3 Bf1+ 44. Kh2 Bd3 45. Kg2 Be4 46. Kf2 Rd3 47.
Ng5 Bd4+ 48. Ke2 Rxg3 49. h4 Rg2+ 50. Kf1 Rf2+ 51. Ke1 Rh2 52. Bd2 Bd3 53. Bc1
Bc3+ 0-1

[Event "Druga liga Srbije grupa Vojvodina 2011"]
[Site "Vrbas"]
[Date "2011.09.27"]
[Round "4.2"]
[White "Sipos, Istvan"]
[Black "Vujadinovic, Goran"]
[Result "1-0"]
[WhiteElo "2452"]
[BlackElo "2370"]
[PlyCount "78"]
[EventDate "2011.09.25"]

1. e4 d6 2. d4 g6 3. Nc3 Bg7 4. Be3 a6 5. h4 b5 6. h5 Bb7 7. f3 Nd7 8. Qd2 c5
9. dxc5 dxc5 10. O-O-O Qc7 11. Nh3 e6 12. Ng5 Bc6 13. Ne2 Bf6 14. f4 Bxg5 15.
fxg5 Bxe4 16. Qc3 e5 17. Ng3 Bb7 18. hxg6 fxg6 19. Be2 Ne7 20. Bg4 Nd5 21. Rxd5
Bxd5 22. Rd1 Bc6 23. Ne4 Bxe4 24. Rxd7 Qxd7 25. Bxd7+ Kxd7 26. Qxe5 Rhe8 27.
Qxc5 Re6 28. Qd4+ Ke8 29. Qh8+ Kd7 30. Qg7+ Re7 31. Qd4+ Ke8 32. Qd6 Rd7 33.
Qb6 Rad8 34. Qe6+ Re7 35. Qxa6 Bxg2 36. Qxb5+ Kf7 37. Qc4+ Bd5 38. Qd4 Rdd7 39.
b3 Be4 1-0

[Event "Druga liga Srbije grupa Vojvodina 2011"]
[Site "Vrbas"]
[Date "2011.09.27"]
[Round "4.2"]
[White "Strangar, Zlatko"]
[Black "Mastrapovic, Vladimir"]
[Result "0-1"]
[WhiteElo "2203"]
[BlackElo "2260"]
[PlyCount "126"]
[EventDate "2011.09.25"]

1. e4 c5 2. Nc3 Nc6 3. Nge2 g6 4. d4 cxd4 5. Nxd4 Bg7 6. Be3 Nf6 7. Bc4 d6 8.
h3 O-O 9. Bb3 Bd7 10. O-O Qa5 11. Re1 Rac8 12. Nd5 Rfe8 13. Nxf6+ Bxf6 14. c4
Nxd4 15. Bxd4 Bxd4 16. Qxd4 Be6 17. e5 Qc5 18. Qf4 Red8 19. exd6 Rxd6 20. Rac1
Rd4 21. Qe3 b6 22. Rc3 Rd6 23. Qg3 Rd2 24. Bc2 Qd6 25. Bb3 Rxb2 26. Qxd6 exd6
27. Rd3 Bxc4 28. Rc1 Be6 29. Rxc8+ Bxc8 30. Rxd6 Rb1+ 31. Kh2 Rc1 32. h4 Kf8
33. h5 Ke7 34. hxg6 hxg6 35. Rd4 Be6 36. Re4 Kd6 37. Bxe6 fxe6 38. Rg4 Rc2 39.
f4 Rxa2 40. Rxg6 Ke7 41. Rg7+ Kf6 42. Rb7 e5 43. fxe5+ Kxe5 44. Kg3 Kd5 45. Kf3
Kc6 46. Rb8 a5 47. g4 Ra1 48. g5 Rg1 49. Kf4 a4 50. Rc8+ Kd5 51. Rd8+ Kc4 52.
Rc8+ Kb4 53. Re8 Rf1+ 54. Kg4 b5 55. g6 a3 56. Re4+ Ka5 57. Re3 Rg1+ 58. Kh5 b4
59. Re2 Ka4 60. Kh6 Kb3 61. Re4 Kc2 62. Re2+ Kb1 63. g7 Rxg7 0-1

[Event "Druga liga Srbije grupa Vojvodina 2011"]
[Site "Vrbas"]
[Date "2011.09.27"]
[Round "4.2"]
[White "Marcak, Dejan"]
[Black "Ivanovic, Miroslav"]
[Result "1-0"]
[WhiteElo "2154"]
[BlackElo "2177"]
[PlyCount "103"]
[EventDate "2011.09.25"]

1. e4 e5 2. Nf3 Nc6 3. Bc4 Bc5 4. c3 Nf6 5. d4 Bb6 6. dxe5 Ng4 7. Bxf7+ Kxf7 8.
Ng5+ Ke8 9. Qxg4 Nxe5 10. Qg3 Qf6 11. O-O h6 12. Nh3 g5 13. Be3 Rf8 14. Bxb6
axb6 15. Nd2 Ng6 16. Kh1 d6 17. Ng1 Be6 18. a3 Nf4 19. Rae1 Ra5 20. Qe3 h5 21.
Ne2 h4 22. Nxf4 gxf4 23. Qd4 Qg6 24. e5 Rd5 25. Qa4+ b5 26. Qe4 Qxe4 27. Nxe4
Rxe5 28. Nd2 h3 29. f3 hxg2+ 30. Kxg2 Rg5+ 31. Kf2 Kd7 32. Rg1 Rh5 33. Rg7+ Rf7
34. Rxf7+ Bxf7 35. Rh1 Rd5 36. Ne4 Rd3 37. h4 Bh5 38. Nf6+ Ke6 39. Nxh5 Kf5 40.
Rh2 Rd2+ 41. Kg1 Rd1+ 42. Kg2 Rb1 43. Ng7+ Kg6 44. Ne6 Rxb2+ 45. Kh3 Rb3 46.
Nxf4+ Kh6 47. Re2 Kg7 48. Kg4 Rxc3 49. h5 b6 50. Re6 Kh7 51. Kg5 Rc5+ 52. Kf6
1-0

[Event "Druga liga Srbije grupa Vojvodina 2011"]
[Site "Vrbas"]
[Date "2011.09.27"]
[Round "4.2"]
[White "Roganovic, Nebojsa"]
[Black "Bogic, Stevan"]
[Result "1/2-1/2"]
[WhiteElo "2194"]
[BlackElo "2202"]
[PlyCount "55"]
[EventDate "2011.09.25"]

1. e4 c5 2. Nf3 d6 3. Bb5+ Bd7 4. Bxd7+ Qxd7 5. c4 Nc6 6. d4 cxd4 7. Nxd4 Nf6
8. Nc3 g6 9. f3 Bg7 10. Be3 O-O 11. O-O Rfc8 12. b3 Nxd4 13. Bxd4 Ne8 14. Bxg7
Nxg7 15. Nd5 Ne8 16. Qd4 Nc7 17. Ne3 b5 18. Ng4 f6 19. e5 Ne6 20. Qd5 f5 21.
Nf2 Rab8 22. Nd3 bxc4 23. bxc4 Kh8 24. Rfe1 Nc7 25. Qd4 Ne6 26. Qd5 Nc7 27. Qd4
Ne6 28. Qd5 1/2-1/2

[Event "Druga liga Srbije grupa Vojvodina 2011"]
[Site "Vrbas"]
[Date "2011.09.27"]
[Round "4.3"]
[White "Indjic, Aleksandar"]
[Black "Radlovacki, Jovan"]
[Result "1-0"]
[WhiteElo "2391"]
[BlackElo "2432"]
[PlyCount "119"]
[EventDate "2011.09.25"]

1. d4 Nf6 2. c4 e6 3. Nf3 Bb4+ 4. Bd2 Qe7 5. Qc2 b6 6. e4 Bb7 7. Bd3 Bxd2+ 8.
Nbxd2 Nc6 9. a3 e5 10. d5 Nd8 11. O-O c5 12. b4 d6 13. bxc5 dxc5 14. Qc3 Nd7
15. Bc2 O-O 16. Ba4 f6 17. Nh4 Nf7 18. Qh3 Nb8 19. Nf5 Qd8 20. Qg3 g6 21. f4
Bc8 22. Ne3 Bd7 23. Bc2 Na6 24. f5 g5 25. h4 Kh8 26. Bd1 Rg8 27. Bh5 Nd6 28.
hxg5 Rxg5 29. Qh4 Qe7 30. Rf3 Rag8 31. Rh3 Qg7 32. Rh2 Be8 33. Bxe8 Rxe8 34.
Nf3 Rg3 35. Kf2 Nb8 36. Rah1 Re7 37. Nd2 Rg5 38. g4 Nd7 39. Qh6 Qxh6 40. Rxh6
Rgg7 41. Ke2 a6 42. a4 Kg8 43. Rb1 Re8 44. Kd3 Rb8 45. Rb2 Rb7 46. Rh1 b5 47.
axb5 axb5 48. Rhb1 b4 49. Ra2 h5 50. Ra8+ Rb8 51. Rxb8+ Nxb8 52. Ra1 Nd7 53.
Ra6 Ne8 54. gxh5 Rg3 55. Nb3 Rh3 56. Rc6 Rxh5 57. Nxc5 Nxc5+ 58. Rxc5 Rh4 59.
Rc8 Kf7 60. c5 1-0

[Event "Druga liga Srbije grupa Vojvodina 2011"]
[Site "Vrbas"]
[Date "2011.09.27"]
[Round "4.3"]
[White "Popovic, Milos T"]
[Black "Cerovic, Danilo"]
[Result "1/2-1/2"]
[WhiteElo "2390"]
[BlackElo "2305"]
[PlyCount "31"]
[EventDate "2011.09.25"]

1. d4 Nf6 2. Bg5 d5 3. Bxf6 gxf6 4. c4 dxc4 5. e3 c5 6. Nf3 cxd4 7. Qxd4 Qxd4
8. Nxd4 Bd7 9. Bxc4 Nc6 10. Bb5 Nxd4 11. Bxd7+ Kxd7 12. exd4 Rc8 13. Nc3 e6 14.
Ke2 f5 15. Rhd1 Bg7 16. Rac1 1/2-1/2

[Event "Druga liga Srbije grupa Vojvodina 2011"]
[Site "Vrbas"]
[Date "2011.09.27"]
[Round "4.3"]
[White "Elez, Nikola"]
[Black "Marinovic, Bozidar"]
[Result "1/2-1/2"]
[WhiteElo "2155"]
[BlackElo "2405"]
[PlyCount "35"]
[EventDate "2011.09.25"]

1. e4 c5 2. Nf3 d6 3. Bb5+ Nd7 4. d4 cxd4 5. Qxd4 a6 6. Bxd7+ Bxd7 7. O-O Rc8
8. Nc3 e5 9. Qd3 h6 10. a4 Nf6 11. b3 Qc7 12. Bb2 Be7 13. Nd2 Be6 14. Rfd1 O-O
15. Nf1 Rfd8 16. Ne3 Qc5 17. h3 Bf8 18. Rac1 1/2-1/2

[Event "Druga liga Srbije grupa Vojvodina 2011"]
[Site "Vrbas"]
[Date "2011.09.27"]
[Round "4.3"]
[White "Miranovic, Rajko"]
[Black "Subotic, Srbislav"]
[Result "1-0"]
[WhiteElo "2376"]
[BlackElo "2177"]
[PlyCount "97"]
[EventDate "2011.09.25"]

1. e4 e6 2. d4 d5 3. Nd2 Nf6 4. e5 Nfd7 5. Bd3 c5 6. c3 Nc6 7. Ne2 cxd4 8. cxd4
f6 9. exf6 Nxf6 10. Nf3 Bd6 11. O-O O-O 12. Bf4 Qc7 13. Bxd6 Qxd6 14. Ng3 e5
15. dxe5 Nxe5 16. Nxe5 Qxe5 17. Qb3 Bd7 18. Rae1 Qc7 19. h3 Rfe8 20. Nh5 Bc6
21. Nxf6+ gxf6 22. Qb4 Qf7 23. Re3 Re5 24. Qd4 Qg7 25. Rg3 Rg5 26. Kh2 a6 27.
Re1 Kh8 28. Ree3 Rg8 29. Ref3 Rf8 30. Rxg5 Qxg5 31. Rf5 Qg7 32. Rh5 f5 33.
Qxg7+ Kxg7 34. Rg5+ Kh6 35. Rxf5 Rxf5 36. Bxf5 Kg7 37. Kg3 h6 38. Kf4 Kf6 39.
g4 d4 40. Be4 a5 41. h4 Bb5 42. Bxb7 Be2 43. Bd5 Bf1 44. Ke4 d3 45. Ke3 Ke5 46.
Be4 Be2 47. f4+ Kd6 48. g5 hxg5 49. fxg5 1-0

[Event "Druga liga Srbije grupa Vojvodina 2011"]
[Site "Vrbas"]
[Date "2011.09.27"]
[Round "4.3"]
[White "Gavric, Zivojin"]
[Black "Rogac, Srdjan"]
[Result "1-0"]
[WhiteElo "2099"]
[BlackElo "2299"]
[PlyCount "129"]
[EventDate "2011.09.25"]

1. e4 c5 2. Nc3 Nc6 3. g3 g6 4. Bg2 Bg7 5. d3 d6 6. f4 e6 7. Nf3 Nge7 8. O-O
O-O 9. Be3 Nd4 10. e5 Nef5 11. Bf2 Nxf3+ 12. Qxf3 Nd4 13. Qd1 dxe5 14. fxe5
Bxe5 15. Ne4 f5 16. Nxc5 Qc7 17. b4 Nc6 18. d4 Bg7 19. c3 a5 20. b5 Nd8 21. Qb3
Kh8 22. Rae1 Re8 23. Re2 e5 24. dxe5 Ne6 25. Nd3 a4 26. Qb4 Bf8 27. Qb2 Qc4 28.
Nf4 Nxf4 29. gxf4 a3 30. Qd2 Qxb5 31. Bd5 Be6 32. c4 Qd7 33. Rb1 Rad8 34. Bb6
Rc8 35. Qd4 Qa4 36. Qd3 Qa6 37. Rd2 Re7 38. Bd4 Qa4 39. Rb6 Qe8 40. Qxa3 Qf7
41. Qb3 g5 42. fxg5 Bg7 43. Rxe6 Rxe6 44. c5 Rce8 45. Bxe6 Rxe6 46. Qd5 h6 47.
Rg2 f4 48. gxh6 Bxh6 49. Bf2 Bg7 50. Rg4 Bxe5 51. Qd8+ Kh7 52. Qg5 Qg6 53. Qh4+
Qh6 54. Qd8 Rg6 55. Qd7+ Rg7 56. Qf5+ Kg8 57. Rxg7+ Qxg7+ 58. Kf1 f3 59. Qxf3
Bxh2 60. Qd5+ Kh7 61. Bd4 Qc7 62. Ke2 Kg6 63. Kd3 Bf4 64. a4 Qc6 65. Ke4 1-0

[Event "Druga liga Srbije grupa Vojvodina 2011"]
[Site "Vrbas"]
[Date "2011.09.27"]
[Round "4.3"]
[White "Jovic, Stevan"]
[Black "Cecaric, Milan"]
[Result "1-0"]
[WhiteElo "2292"]
[BlackElo "1942"]
[PlyCount "107"]
[EventDate "2011.09.25"]

1. d4 b6 2. c4 e6 3. Nc3 Bb7 4. a3 Nf6 5. Nf3 d5 6. Bg5 h6 7. Bh4 Be7 8. e3 O-O
9. Bd3 c5 10. O-O cxd4 11. Nxd4 Nc6 12. Nf3 dxc4 13. Bxc4 Na5 14. Ba2 Ne4 15.
Bxe7 Qxe7 16. Rc1 Rfd8 17. Qe2 Rac8 18. Nxe4 Bxe4 19. b4 Bd3 20. Qxd3 Rxc1 21.
Nd4 Rxf1+ 22. Kxf1 Nb7 23. Bb1 Qc7 24. Qh7+ Kf8 25. Be4 Qc1+ 26. Ke2 Qb2+ 27.
Bc2 Qc3 28. Be4 Rxd4 29. exd4 Nd6 30. Bd3 Qxd4 31. Qh8+ Ke7 32. Qb8 Qe5+ 33.
Kd1 Qa1+ 34. Ke2 Qb2+ 35. Kd1 Qd4 36. Qxa7+ Kf6 37. Ke2 e5 38. f3 Qg1 39. Qc7
Qxg2+ 40. Ke1 Qg1+ 41. Bf1 Qe3+ 42. Be2 Nf5 43. Kf1 Qd4 44. Qc6+ Kg5 45. Qc1+
Kg6 46. Qc2 Kg5 47. Qc1+ Kh4 48. Kg2 Qe3 49. Qe1+ Kg5 50. a4 Nd4 51. Kf1 Kf5
52. a5 bxa5 53. bxa5 Ke6 54. Bc4+ 1-0

[Event "Druga liga Srbije grupa Vojvodina 2011"]
[Site "Vrbas"]
[Date "2011.09.27"]
[Round "4.4"]
[White "Luketa, Milan"]
[Black "Markovic, Milovan"]
[Result "1-0"]
[WhiteElo "2121"]
[BlackElo "2248"]
[PlyCount "93"]
[EventDate "2011.09.25"]

1. e4 e6 2. d4 d5 3. Nd2 c5 4. exd5 Qxd5 5. Ngf3 Nc6 6. Bc4 Qd8 7. dxc5 Bxc5 8.
O-O Nf6 9. Qe2 O-O 10. Ne4 Be7 11. c3 Qc7 12. Bb3 b6 13. Bc2 Bb7 14. Nxf6+ Bxf6
15. Ng5 g6 16. Qg4 Qe7 17. Qh4 h5 18. Qg3 Be5 19. Qh3 Kg7 20. Re1 Qc7 21. Qe3
Bxh2+ 22. Kh1 Rae8 23. Nf3 Bd6 24. Qh6+ Kg8 25. Ng5 f6 26. Qxg6+ Qg7 27. Qxg7+
Kxg7 28. Nxe6+ Kh8 29. Bh6 Rg8 30. f3 Bg3 31. Re3 Bf2 32. Re2 Bg3 33. Rd1 Ba6
34. Rd7 Re7 35. Rxe7 Nxe7 36. Rd2 Bc8 37. Nd8 Bf5 38. Bb3 Rg6 39. Nf7+ Kh7 40.
Bf8 Nc6 41. Nd6 Bxd6 42. Rxd6 Ne5 43. Rd8 h4 44. Rd4 Rg7 45. Rxh4+ Kg6 46. Bxg7
Kxg7 47. Bd5 1-0

[Event "Druga liga Srbije grupa Vojvodina 2011"]
[Site "Vrbas"]
[Date "2011.09.27"]
[Round "4.4"]
[White "Pezelj, Novak"]
[Black "Kracunov, Bozidar"]
[Result "1-0"]
[WhiteElo "2373"]
[BlackElo "2078"]
[PlyCount "109"]
[EventDate "2011.09.25"]

1. e4 e6 2. d4 d5 3. Nd2 c5 4. exd5 Qxd5 5. Ngf3 cxd4 6. Bc4 Qd8 7. O-O Nc6 8.
Nb3 Nf6 9. Nbxd4 Bd7 10. Nb5 a6 11. Nd6+ Bxd6 12. Qxd6 b5 13. Bb3 Qe7 14. Qg3
Nh5 15. Qg4 g6 16. Re1 O-O 17. Bg5 Qe8 18. Bh6 Ng7 19. Rad1 Rd8 20. Qf4 Qe7 21.
Qd6 a5 22. a4 bxa4 23. Bxa4 Qxd6 24. Rxd6 Be8 25. Rxc6 Bxc6 26. Bxc6 Rd6 27.
Be4 f6 28. Bd2 Ra6 29. Ra1 Rd8 30. Bd3 Ra7 31. Rxa5 Rad7 32. Bc3 e5 33. Kf1 Nh5
34. g3 Kg7 35. g4 Nf4 36. Nxe5 Rc7 37. g5 Rxc3 38. gxf6+ Kxf6 39. bxc3 h5 40.
Nxg6 Nxd3 41. Ra6+ Kg5 42. cxd3 Rxd3 43. h4+ Kf5 44. Rc6 Rd1+ 45. Ke2 Rg1 46.
c4 Ke4 47. Rf6 Kd4 48. Rf4+ Kc5 49. Ne5 Rh1 50. Nd3+ Kc6 51. Nb4+ Kc5 52. Nd5
Kd6 53. Nf6 Ke5 54. Nxh5 Rg1 55. Kf3 1-0

[Event "Druga liga Srbije grupa Vojvodina 2011"]
[Site "Vrbas"]
[Date "2011.09.27"]
[Round "4.4"]
[White "Milojevic, Dusan"]
[Black "Farkas, Miso"]
[Result "1-0"]
[WhiteElo "2186"]
[BlackElo "2132"]
[PlyCount "75"]
[EventDate "2011.09.25"]

1. e4 c6 2. d4 b5 3. Nf3 g6 4. Bd3 Bg7 5. h3 Nf6 6. a4 b4 7. Nbd2 a5 8. O-O Ba6
9. Bxa6 Nxa6 10. c4 bxc3 11. bxc3 c5 12. e5 Nd5 13. Qb3 Nf4 14. Qc4 cxd4 15.
Ne4 Ne6 16. cxd4 O-O 17. d5 Qc7 18. Qxc7 Nexc7 19. Rd1 Nb4 20. d6 exd6 21. Rxd6
Ra6 22. Rxd7 Ncd5 23. Bb2 Nb6 24. Rb7 Nc4 25. Bc3 Nd5 26. Bd4 Nf4 27. Ra2 Nd3
28. Nf6+ Kh8 29. Nd7 Re8 30. Rc2 Rc6 31. e6 Rcxe6 32. Rxc4 Re2 33. Nf6 Rf8 34.
Ng5 Bxf6 35. Bxf6+ Kg8 36. Ne4 Re1+ 37. Kh2 Re8 38. Bc3 1-0

[Event "Druga liga Srbije grupa Vojvodina 2011"]
[Site "Vrbas"]
[Date "2011.09.27"]
[Round "4.4"]
[White "Tomin, Nenad"]
[Black "Pezelj, Sinisa"]
[Result "1/2-1/2"]
[WhiteElo "1820"]
[BlackElo "2146"]
[PlyCount "79"]
[EventDate "2011.09.25"]

1. e4 d5 2. exd5 Qxd5 3. Nf3 Nf6 4. d4 c6 5. c4 Qa5+ 6. Nc3 Bg4 7. h3 Bh5 8.
Bd2 Qc7 9. Be2 e6 10. O-O Bd6 11. Rc1 O-O 12. Nh4 Bxe2 13. Qxe2 Bf4 14. Bxf4
Qxf4 15. Nf3 Nbd7 16. Rfd1 Rfe8 17. Qd2 Qf5 18. Qg5 Qxg5 19. Nxg5 Rad8 20. Nf3
h6 21. b4 e5 22. dxe5 Nxe5 23. Nxe5 Rxd1+ 24. Rxd1 Rxe5 25. Kf1 Kf8 26. a3 Ke7
27. Rd2 g5 28. g3 h5 29. Rd4 b6 30. Rd2 Ne8 31. Re2 Rxe2 32. Kxe2 Nd6 33. Kd3
f5 34. f4 gxf4 35. gxf4 Ke6 36. Ne2 c5 37. b5 h4 38. Ng1 Ne4 39. Ke3 Nd6 40.
Kd3 1/2-1/2

[Event "Druga liga Srbije grupa Vojvodina 2011"]
[Site "Vrbas"]
[Date "2011.09.27"]
[Round "4.5"]
[White "Somborski, Nebojsa"]
[Black "Ratkovic, Milovan"]
[Result "1/2-1/2"]
[WhiteElo "2355"]
[BlackElo "2177"]
[PlyCount "40"]
[EventDate "2011.09.25"]

1. e4 c6 2. d4 d5 3. Nc3 dxe4 4. Nxe4 Bf5 5. Ng3 Bg6 6. h4 h6 7. Nf3 Nf6 8. Ne5
Bh7 9. Bd3 Bxd3 10. Qxd3 e6 11. Bf4 Nbd7 12. O-O-O Nxe5 13. Bxe5 Qa5 14. Kb1
O-O-O 15. Bxf6 gxf6 16. Qf3 Be7 17. Ne2 Qd5 18. Qxd5 cxd5 19. Rd3 Rhg8 20. g3
f5 1/2-1/2

[Event "Druga liga Srbije grupa Vojvodina 2011"]
[Site "Vrbas"]
[Date "2011.09.27"]
[Round "4.5"]
[White "Ratkovic, Miloje"]
[Black "Vukic, Radivoj"]
[Result "1/2-1/2"]
[WhiteElo "2135"]
[BlackElo "2336"]
[PlyCount "144"]
[EventDate "2011.09.25"]

1. d4 Nf6 2. Nf3 e6 3. c4 Bb4+ 4. Bd2 Be7 5. Nc3 d5 6. cxd5 exd5 7. Qc2 c6 8.
Bg5 g6 9. e3 Bf5 10. Bd3 Bxd3 11. Qxd3 O-O 12. h4 Nbd7 13. O-O-O b5 14. Bxf6
Bxf6 15. h5 Re8 16. Rh3 b4 17. Na4 Qe7 18. Rdh1 Qe4 19. Qxe4 dxe4 20. Nd2 c5
21. hxg6 hxg6 22. dxc5 Rac8 23. Kb1 Nxc5 24. Nxc5 Rxc5 25. f3 exf3 26. Rxf3 Bg5
27. Re1 f5 28. b3 Kg7 29. Nc4 Rd5 30. Kc2 Red8 31. Rff1 Re8 32. Rd1 Rxd1 33.
Rxd1 Bxe3 34. Re1 f4 35. g3 Rc8 36. gxf4 Bxf4 37. Re7+ Kh6 38. Rxa7 g5 39. Kd3
Re8 40. a3 bxa3 41. Rxa3 g4 42. Ra2 g3 43. Re2 Rf8 44. Ke4 Bb8 45. Ne3 Kg5 46.
Ng2 Ba7 47. Ra2 Rf7 48. Ra4 Kg4 49. Ke5+ Kh3 50. Nf4+ Kh2 51. Ra2+ Bf2 52. Ke4
Rb7 53. Nd3 Kg2 54. Nf4+ Kh2 55. Nd3 Re7+ 56. Kf5 Kg2 57. Kg4 Re4+ 58. Nf4+ Kf1
59. Ra1+ Be1 60. Rxe1+ Rxe1 61. Kxg3 Re3+ 62. Kg4 Rxb3 63. Nd5 Kf2 64. Kf4 Rh3
65. Ke4 Rh4+ 66. Ke5 Kf3 67. Nf6 Ra4 68. Nd5 Re4+ 69. Kf5 Re8 70. Nf6 Ra8 71.
Ke5 Ra5+ 72. Nd5 Rb5 1/2-1/2

[Event "Druga liga Srbije grupa Vojvodina 2011"]
[Site "Vrbas"]
[Date "2011.09.27"]
[Round "4.5"]
[White "Remecki, Sinisa"]
[Black "Bucan, Vladimir"]
[Result "0-1"]
[WhiteElo "2229"]
[BlackElo "2104"]
[PlyCount "60"]
[EventDate "2011.09.25"]

1. e4 e5 2. Nf3 d5 3. d4 dxe4 4. Nxe5 Bd6 5. Nc4 Nf6 6. Nxd6+ Qxd6 7. Be2 Nc6
8. c3 O-O 9. O-O Bd7 10. Na3 a6 11. Nc4 Qe6 12. Ne3 Nd5 13. Bg4 Qd6 14. Nxd5
Qxd5 15. Bf4 Bxg4 16. Qxg4 f5 17. Qg3 Rf6 18. Bxc7 Rg6 19. Qf4 Re8 20. Qe3 Qf7
21. Bf4 Ne7 22. Qe2 Nd5 23. Be5 f4 24. Qxe4 f3 25. g3 Rf8 26. c4 Nb6 27. b3 Qd7
28. Bf4 Qg4 29. Kh1 Rh6 30. Rae1 Qh3 0-1

[Event "Druga liga Srbije grupa Vojvodina 2011"]
[Site "Vrbas"]
[Date "2011.09.27"]
[Round "4.5"]
[White "Petrovic, Lazar"]
[Black "Milovic, Nikola"]
[Result "1-0"]
[WhiteElo "2113"]
[BlackElo "1967"]
[PlyCount "79"]
[EventDate "2011.09.25"]

1. d4 d5 2. Nf3 Nf6 3. g3 e6 4. Bg2 c5 5. O-O Nc6 6. c3 Bd6 7. a3 O-O 8. b4 b6
9. Nbd2 Ba6 10. Re1 e5 11. Qa4 e4 12. Qxa6 exf3 13. Nxf3 Ne4 14. Bb2 cxd4 15.
cxd4 f5 16. e3 Kh8 17. Rac1 Ne7 18. Ne5 g5 19. Qb7 a5 20. b5 a4 21. Qd7 Bxe5
22. Qxd8 Rfxd8 23. dxe5 Ra7 24. Bd4 Rb7 25. Rc2 Kg8 26. Rec1 Rdd7 27. Bf1 g4
28. h4 Kf7 29. Bd3 Ke6 30. Rc6+ Nxc6 31. Rxc6+ Ke7 32. Bxb6 Kf8 33. Ba5 Kg7 34.
b6 d4 35. e6 Rd5 36. Rc7+ Rxc7 37. bxc7 Nd6 38. Bb4 Nc8 39. exd4 Kf6 40. e7 1-0

[Event "Druga liga Srbije grupa Vojvodina 2011"]
[Site "Vrbas"]
[Date "2011.09.27"]
[Round "4.5"]
[White "Besedes, Danilo"]
[Black "Zivkovic, Negosim"]
[Result "0-1"]
[WhiteElo "1801"]
[BlackElo "2248"]
[PlyCount "94"]
[EventDate "2011.09.25"]

1. e4 c5 2. Nf3 d6 3. d4 cxd4 4. Nxd4 Nf6 5. Nc3 g6 6. Be3 Bg7 7. f3 Nc6 8. Bc4
Bd7 9. Qd2 Rc8 10. Bb3 Ne5 11. O-O-O Nc4 12. Bxc4 Rxc4 13. g4 h5 14. g5 Nh7 15.
f4 O-O 16. e5 Bg4 17. Nde2 Qa5 18. exd6 exd6 19. Qd5 Qxd5 20. Rxd5 Bf3 21. Rhd1
Re8 22. R5d3 Bxc3 23. Nxc3 Bxd1 24. Kxd1 a6 25. Kd2 Nf8 26. Rxd6 Ne6 27. Nd5
Kf8 28. b3 Rcc8 29. Bb6 Rc6 30. Rxc6 bxc6 31. Nc7 Nxc7 32. Bxc7 Ke7 33. c4 Ke6
34. h3 Kf5 35. b4 Ke4 36. Be5 Rd8+ 37. Kc2 Rd3 38. a4 Ra3 39. Bb2 Rxh3 40. b5
cxb5 41. cxb5 axb5 42. axb5 Kd5 43. b6 Rh2+ 44. Kb3 Rxb2+ 45. Kxb2 Kc6 46. Kc2
h4 47. b7 Kxb7 0-1

[Event "Druga liga Srbije grupa Vojvodina 2011"]
[Site "Vrbas"]
[Date "2011.09.27"]
[Round "4.5"]
[White "Popov, Zoran"]
[Black "Sukovic, Srdjan"]
[Result "1/2-1/2"]
[WhiteElo "2113"]
[BlackElo "1972"]
[PlyCount "107"]
[EventDate "2011.09.25"]

1. d4 d5 2. c4 e6 3. Nc3 Be7 4. Nf3 Nf6 5. Bf4 O-O 6. e3 b6 7. cxd5 Nxd5 8. Bg3
Bb7 9. Bd3 Nd7 10. O-O c5 11. Qe2 Rc8 12. Rac1 Re8 13. Rfd1 Nxc3 14. bxc3 Bf6
15. e4 cxd4 16. cxd4 Rxc1 17. Rxc1 Qa8 18. Bb5 Rc8 19. Re1 Nf8 20. h4 a6 21.
Bd3 b5 22. Bd6 Nd7 23. h5 h6 24. Bb1 Bd8 25. Qd3 f6 26. Qb3 Kf7 27. a3 Ba5 28.
Bb4 Bxb4 29. axb4 Nb6 30. Nd2 Nc4 31. Nxc4 Rxc4 32. d5 Bc8 33. Qg3 Qb7 34. Ba2
Rxb4 35. dxe6+ Kf8 36. Bd5 Qe7 37. Qb8 Qe8 38. Rc1 Bxe6 39. Qxe8+ Kxe8 40. Bxe6
Rxe4 41. Bc8 Ra4 42. Rc6 a5 43. Ba6 Ra1+ 44. Kh2 b4 45. Rb6 Ra3 46. Bc4 Kd7 47.
Bf7 Kc7 48. Rb5 Kc6 49. Be8+ Kc7 50. Bf7 Kc6 51. Rb8 Kc5 52. Rc8+ Kd4 53. Rc4+
Kd3 54. Rg4 1/2-1/2